Quizzes
Events
Quiz Creation
Community
Videos
Private Events
Remove Ads
Sign In
Join for FREE
Feedback
Dark Mode
Quiz Categories
Sports
Geography
Music
Movies
Television
Just For Fun
Miscellaneous
History
Literature
Language
Science
Gaming
Entertainment
Religion
Holiday
For Kids
Quiz Lab
Recent
Popular Today
Quiz Kudos Today
Editor Picks
Curator Picks
Quizzes by...
Day
Popularity
Type
Ratings
Length
Year
Community
Subscriptions
Recent Discussions
Orange Saloon
Badges
Playlists
Quests
Create
Leaderboards
Showdown
Live 5
Trivia Bingo
Activity
Puzzle Library
Sporcle Events
Private Events
Virtual Trivia
Globe League
Become a Host
Pub Owners
SporcleCon
Opinionation
Our Games
Videos
Blog
Mobile Apps
Partnerships
Remove Ads and Go Orange
Feedback
Movies
Disney
Marvel Cinematic Universe
Movie Resume
Movie Titles
Oscar
Actor
Actress
Director
Pixar
Role
Movie Quotes
Movie Characters
Box Office
Nominee
Best Picture
Star Wars
James Bond
Horror Movies
Movies
Disney
Marvel Cinematic Universe
Movie Resume
Movie Titles
Oscar
Actor
Actress
Director
Pixar
Role
Movie Quotes
Movie Characters
Box Office
Nominee
Best Picture
Star Wars
James Bond
Horror Movies
Random Quiz
Search Sporcle
×
Quiz Lab
Quiz Lab
Movies
Quote
Type in answers that appear in a list
Type in answers that appear in a list
Classic
Best Score? Go Orange.
Name the Movie by Movie Quote Part 3 Stats
Can you name the Movies by their Movie quotes?
By
stephen24
6m
20 Questions
272 Plays
272 Plays
272 Plays
Comments
Comments
Give Quiz Kudos
Give Quiz Kudos
-
- Ratings
hide this ad
Replay
Link that replays current quiz
Next Quiz
Link to next quiz in quiz playlist
You Got
0%
They Got
Avg Score
56%
Avg Friend Score
Upgrade to see
Score Distribution
Jump to the score distribution portion of the page
Score
0/20
Timer
06:00
0
Plays Today
Quote
Movie
% Correct
Simba, its to die for.
Lion King
91.9%
Nobody puts baby in a corner.
Dirty Dancing
83.8%
Wilson!
Cast Away
82.7%
I'm gonna make him an offer he can't refuse.
Godfather
82.4%
I have nipples Greg. can you milk me?
Meet the parents
79.8%
There's no crying in baseball!
A league of their own
77.2%
Some people say you know you can't believe. Jamaica we have a bobsled team.
Cool Runnings
73.9%
There's a snake in my boots.
Toy Story
70.2%
Baby Jesus we thank you for my two adorable sons: Walker and Texas Ranger.
Talladega Nights
65.8%
Candy. Candy Canes. Candy corns. And Syrup.
Elf
64.3%
Quote
Movie
% Correct
For Frodo.
Lord of the Rings Return of the King
54.4%
Come with me if you want to live.
Terminator 2
50.4%
And thats the way the cookie crumbles.
Bruce Almighty
48.5%
Mine Mine Mine Mine!
Finding Nemo
43%
Does he look like a bitch?
Pulp Fiction
38.6%
Is it true that if you don't use it you lose it?
40 year old virgin
37.1%
You tell me where my suit is woman. We are talking about the greater good.
The Incredibles
28.7%
Once again that information could have been brought to my attention YESTERDAY!
Wedding singer
27.2%
Sic Em! Sic Em boy!
Stand By Me
14.7%
This isn't your game Ray.
Rain Man
9.6%
Quiz Playlist
Details
Report
Send in Message
Add To Playlist
Classic:
Type in answers that appear in a list
Last Updated: Feb 16, 2017
Quiz Scoreboard
CHALLENGE
Sign Up to Join the Scoreboard
Show All
Scores
Hide
Comments
May contain spoilers
Recently Published
9x9 Crossword: Cartoon Network
by jackfrog10
Miscellaneous
3m
College Basketball Coaching Resumes
by pancakes188
Sports
9m
Billboard Blitz: Fleetwood Mac
by CooCooCachoo
Music
15s
More to Explore
Quiz From the Vault
Featured Blog Post
Where Did the Easter Bunny Come From?
hide this ad
You Might Also Like...
Tags
Quote Quiz
Today's Top Quizzes in Movies
Browse Movies
hide this ad
Today's Top Quizzes in Quote
Browse Quote
Top Contributed Quizzes in Movies
1
Pick 5 Posters: Directed by Spielberg
2
7-to-1: Pixar Characters
3
Pick 5 Posters: Lowest-Rated Spielberg
4
Sorting Actors
5
Sorting Actresses
6
Pick 5 Posters: Directed by Scorsese
7
Hidden Star Wars Character II
8
Pick 5 Posters: Star & Director
9
Hidden Star Wars Character III
10
12 Movies about Fictional 1960s Events
Explore More
Trending Topics
Marvel
Kpop
Crossword
Disney
NBA
Harry Potter
Anime
Song
Country
Puzzle
The Office
WWE
NFL
Soccer
Pokémon
hide this ad
More By:
stephen24
Quiz
Plays
Rating
Category
Featured
Created
20 Best TV Shows of 2000's
1,347
2.53
Television
Feb 15, 2011
50 Best Movies of 2000's
915
3.60
Movies
Feb 8, 2011
Highest Grossing Animated Movies
720
3.50
Movies
Oct 18, 2011
College Sports Teams
630
3.80
Sports
Feb 21, 2011
Moviefone's 40 Best Movies of 2000's
533
3.25
Movies
Feb 10, 2011
Go to Creator's Profile
Score Distribution
Quiz Creator Spotlight
stephen24
Follow
Send a Message
Quizzes Created
-
Created Quiz Play Count
-
More By This Creator
Popular Quizzes Today
1
Find the US States - No Outlines Minefield
2
Find the Countries of Europe - No Outlines Minefield
3
The Countries of the World
4
Find the US States
5
Risky Map Clicking: Biggest States A-Z
6
US States
7
Popular People in 1961
8
Movies - When Are They Set?
More Movies Quizzes
Movie by Quote Antonym
Published
Trending Quizzes
Risky Map Clicking: Least Populous States A-Z
1-10 Letter G Words
Risky Map Clicking: Next State Alphabetically
Adjectives in 80s TV Shows
Risky Map Clicking: Biggest States A-Z
Recently Updated
Leaping Animals
pecheneg
Reality TV Shows (A-Z)
bhenderson79
Rickey Henderson's Hall of Fame Teammates
pecheneg
Champions League XIs: Arsenal
pecheneg
Quick Pick: Celebrities in WWE's Hall of Fame
aduchscher
A-Z Keypad Blitz II
pecheneg
Multiple Oscar Actors
pecheneg
Mystery Phrase Blitz: Oscar 'Best Actors'
pecheneg
F. Scott Fitzgerald Novels
LTH
Pick 3 Villains
ddd62291
Trending Topics
Anime
NBA
Harry Potter
Disney
Kpop
Crossword
Marvel
Puzzle
The Office
WWE
Pokémon
Soccer
Song
NFL
Country
Your Account Isn't Verified!
In order to create a playlist on Sporcle, you need to verify the email address you used during registration. Go to your
Sporcle Settings
to finish the process.
Report this User
Report this user for behavior that violates our
Community Guidelines
.
Details:
Send Report
Go to the Sporcle.com Mobile Site →
Comments